00181nam a22000737a 4500020001400000100001700014245004500031260003100076 a067982424 aBarbara Park aJunie B. Jones and the Stupid Smelly Bus aNew YorkbScholasticc1992